LEADER 01146nam0-2200385---45-- 001 990000794780203316 010 $a88-14-00165-0$dL. 14000 020 $aIT$b88-1415 035 $a0079478 035 $aUSA010079478 035 $a(ALEPH)000079478USA01 035 $a0079478 100 $a19890605d1986 |||y0itay0103 b 101 $aita 102 $aIT 105 $a00||| 200 1 $aAspetti e problemi medico-legali del transessualismo$fCosimo Lorè, Paolo Martini 205 $aRist. emendata 210 $aMilano$cA. Giuffrè$d1986 215 $aIV, 178 p.$d26 cm 606 $aInversione del sesso$xMedicina legale 676 $a614.1$v19 700 1$aLORE',$bCosimo$0404995 701 1$aMARTINI,$bPaolo$0225398 801 0$aIT$bBNI$c19890605 912 $a990000794780203316 951 $aIG XVI 176$b4424 G$cIG XVI 959 $aBK 969 $aGIU 979 $aPATTY$b90$c20011210$lUSA01$h0947 979 $aPATRY$b90$c20011210$lUSA01$h0950 979 $c20020403$lUSA01$h1726 979 $aPATRY$b90$c20040406$lUSA01$h1655 996 $aAspetti e problemi medico-legali del transessualismo$9578871 997 $aUNISA LEADER 03614oam 2200577I 450 001 9910465989803321 005 20200520144314.0 010 $a1-315-22360-0 010 $a0-89503-416-6 024 7 $a10.4324/9781315223605 035 $a(CKB)3710000001081027 035 $a(MiAaPQ)EBC3117843 035 $a(MiAaPQ)EBC4817430 035 $a(Au-PeEL)EBL3117843 035 $a(CaPaEBR)ebr10613426 035 $a(OCoLC)813930556 035 $a(OCoLC)988383712 035 $a(EXLCZ)993710000001081027 100 $a20180706e20172011 uy 0 101 0 $aeng 135 $aurcn||||||||| 181 $2rdacontent 182 $2rdamedia 183 $2rdacarrier 200 00$aTeaching intercultural rhetoric and technical communication $etheories, curriculum, pedagogies, and practices /$fedited by Barry Thatcher and Kirk St.Amant 210 1$aLondon :$cRoutledge,$d2017. 215 $avii, 288 p. $cill 225 1 $aBaywood's technical communications series 300 $aFirst published 2011 by Baywood Pub. Co., Inc. 311 $a0-89503-377-1 311 $a1-351-84139-4 320 $aIncludes bibliographical references and index. 327 $aTeaching approaches: introducing intercultural communication to classroom situations : an integrated framework for teaching international communication / Yvonne Cleary -- Seeing difference: teaching intercultural communication through visual rhetoric / Charles Kostelnick -- Technical communication in india: through the lens of intercultural rhetoric / Poornima Padmanabhan -- Globalizing the technical communications classroom: killing two birds with one stone / Emily A. Thrush and Angela Thevenot -- Curricular perspectives: designing and developing courses and programs in intercultural communication : incorporating "shock and aha!" into curriculum design: internationalizing technical communication courses / Shelley L. Smith and Victoria M. Mikelonis -- Teaching technical communication to american students in a study-abroad program / Deborah C. Andrews and Brent Henze -- Global revisions: (re)thinking the future of technical and professional communication competencies / James Melton -- Teaching technical communication in france: challenges and prospects / Dacia Dressen-Hammouda -- Teaching technical communication in india / Makarand (Mak) Pandit -- Connecting instruction to professional practices: merging the workplace with the classroom : between the lines: reading contextually in the international internship / Lyn F. Gattis -- Iso standards and cross-cultural communication: materials for teachers / Thomas L. Warren -- Technical communication in israel: training for the bleeding edge / Leah Guren -- An overview of technical communication education in new zealand / Richard Draper. 410 0$aBaywood's technical communications series (Unnumbered) 606 $aCommunication of technical information$xStudy and teaching 606 $aTechnical writing$xStudy and teaching 606 $aIntercultural communication$xStudy and teaching 608 $aElectronic books. 615 0$aCommunication of technical information$xStudy and teaching. 615 0$aTechnical writing$xStudy and teaching. 615 0$aIntercultural communication$xStudy and teaching. 676 $a601.4 701 $aSt. Amant$b Kirk$f1970-$01055821 701 $aThatcher$b Barry$f1964-$0934967 801 0$bMiAaPQ 801 1$bMiAaPQ 801 2$bMiAaPQ 906 $aBOOK 912 $a9910465989803321 996 $aTeaching intercultural rhetoric and technical communication$92489535 997 $aUNINA LEADER 01808oas 2200649 a 450 001 9910439060203321 005 20260218112119.0 011 $a2567-9538 035 $a(OCoLC)609706543 035 $a(CONSER) 2021241964 035 $a(CKB)954925425179 035 $a(DE-599)2894621-2 035 $a(EXLCZ)99954925425179 100 $a20100427a19469999 syo 101 0 $ager 135 $aurcn||||||||| 181 $ctxt$2rdacontent 182 $cc$2rdamedia 183 $acr$2rdacarrier 200 00$aMilchwissenschaft. $eMilk science international 210 1$aKempten, Allga?u :$c[Volkswirtschaftlicher Verlag, etc.],$d1946- 300 $a"Zeitschrift fu?r Erna?hrungsforschung und Lebensmittelwissenschaften." 300 $aRefereed/Peer-reviewed 311 08$aPrint version: Milchwissenschaft. (DLC) 49024353 (OCoLC)1757471 0026-3788 517 3 $aMilk science international 606 $aMilk$vPeriodicals 606 $aMilk trade$vPeriodicals 606 $aLait$vPe?riodiques 606 $aLait$xCommerce$vPe?riodiques 606 $aMilk$2fast$3(OCoLC)fst01021615 606 $aMilk trade$2fast$3(OCoLC)fst01021713 608 $aPeriodicals.$2fast 615 0$aMilk 615 0$aMilk trade 615 6$aLait 615 6$aLait$xCommerce 615 7$aMilk. 615 7$aMilk trade. 676 $a637/.1/05 712 02$aDeutsche Gesellschaft fu?r Milchwissenschaft 801 0$bOCLCS 801 1$bOCLCS 801 2$bOCLCS 801 2$bOCLCQ 801 2$bOCLCF 801 2$bOCLCO 801 2$bOCLCQ 801 2$bOCLCO 801 2$bFUG 801 2$bSFB 801 2$bOPV 801 2$bOCLCL 801 2$bOCLCQ 906 $aJOURNAL 912 $a9910439060203321 996 $aMilchwissenschaft$9792069 997 $aUNINA